[Event "Ville d'Orsay online Blitz"]
[Site "Europe Echecs INT"]
[Date "2021.02.07"]
[Round "7"]
[White "Herreman Boutot, Samuel"]
[Black "Chouvaev Komin, Daniel"]
[Result "0-1"]
[WhiteElo "1902"]
[BlackElo "1625"]
[PlyCount "48"]
[EventDate "2021.02.07"]
[EventType "swiss (blitz)"]
[EventRounds "11"]
[EventCountry "FRA"]
[SourceTitle "CBM 200 Extra"]
[Source "ChessBase"]
[SourceDate "2021.03.31"]
[SourceVersion "1"]
[SourceVersionDate "2021.03.31"]
[SourceQuality "1"]

1. e4 e6 2. d4 d5 3. e5 c5 4. c3 Qb6 5. Nf3 Nc6 6. Bd3 Nh6 7. Bxh6 gxh6 8. b3 Bd7 9. Bc2 cxd4 10. cxd4 Nb4 11. a3 Nxc2+ 12. Qxc2 Rc8 13. Qd2 Qxb3 14. 0-0 Qc2 15. Ra2 Qxd2 16. Nbxd2 Rc3 17. Rb2 b6 18. Nb1 Rc7 19. Nfd2 Be7 20. Nb3 0-0 21. Rc1 Rxc1+ 22. Nxc1 Rc8 23. Ne2 Bb5 24. Kf1 Rc1# 0-1